Countries With a Muslim Population Under 2% - Statistics

General Stats
  • This quiz has been taken 22 times
  • The average score is 64 of 76
Answers on the Map
Answers color-coded by a green-red scale on the quiz's map according to % correct below.
 
Answer Stats
Answer % Correct
Argentina
95%
Brazil
95%
Chile
95%
Cuba
95%
Honduras
95%
Iceland
95%
Japan
95%
Latvia
95%
Mexico
95%
Panama
95%
Paraguay
95%
Romania
95%
Uruguay
95%
Vatican
95%
Venezuela
95%
Bahamas
90%
Belarus
90%
Bolivia
90%
China
90%
Dominican Republic
90%
Ecuador
90%
Estonia
90%
Guatemala
90%
Haiti
90%
Ireland
90%
Lithuania
90%
North Korea
90%
Peru
90%
Poland
90%
South Africa
90%
South Korea
90%
Ukraine
90%
United States
90%
Angola
86%
Belize
86%
Colombia
86%
El Salvador
86%
Jamaica
86%
Lesotho
86%
Moldova
86%
Nicaragua
86%
San Marino
86%
Tonga
86%
Vietnam
86%
Antigua and Barbuda
81%
Barbados
81%
Costa Rica
81%
Czechia
81%
Eswatini
81%
Grenada
81%
Hungary
81%
Monaco
81%
New Zealand
81%
Papua New Guinea
81%
Slovakia
81%
Zimbabwe
81%
Bhutan
76%
Botswana
76%
Dominica
76%
Kiribati
76%
Laos
76%
Namibia
76%
St Lucia
76%
Taiwan
76%
Tuvalu
76%
Zambia
76%
Croatia
71%
St Vincent and the Grenadines
71%
East Timor
67%
Nauru
67%
Portugal
67%
Solomon Islands
67%
St Kitts and Nevis
67%
Vanuatu
67%
Armenia
62%
Seychelles
57%
No matching quizzes found
Score Distribution
Percent of People with Each Score
Percentile by Number Answered
Your Score History
You have not taken this quiz